000 00296nam a2200109Ia 4500
008 200302s9999 xx 000 0 und d
100 _aPaul-Alan Johnson
245 _aThe theory of architecture concepts, thmes and Practices
260 _bJohn Willey and Sons Inc.
260 _c1994
300 _a486
999 _c6492
_d6492